LIBRARY & INFORMATION CENTRE, KCAET, TAVANUR

ONLINE PUBLIC ACCESS CATALOGUE (OPAC)

Text book of hydraulics, fluid mechanics, and hydraulic machines / (Record no. 7461)

MARC details
000 -LEADER
fixed length control field 00502cam a2200193ua 4500
041 ## - LANGUAGE CODE
Language code of text/sound track or separate title eng
082 ## - DEWEY DECIMAL CLASSIFICATION NUMBER
Classification number 532
Item number SAX/TE
100 ## - MAIN ENTRY--AUTHOR NAME
Personal name Saxena, K D .
245 ## - TITLE STATEMENT
Title Text book of hydraulics, fluid mechanics, and hydraulic machines /
250 ## - EDITION STATEMENT
Edition statement 1 /
260 ## - PUBLICATION, DISTRIBUTION, ETC. (IMPRINT)
Place of publication Bhopal :
Name of publisher J K Publishing House ,
Year of publication 1984.
300 ## - PHYSICAL DESCRIPTION
Number of Pages 539 ; .
700 1# - ADDED ENTRY--PERSONAL NAME
Personal name Lakhani, I B .
942 ## - ADDED ENTRY ELEMENTS (KOHA)
Koha item type Books
Holdings
Withdrawn status Lost status Damaged status Home library Current library Date acquired Full call number Accession Number Koha item type
Withdrawn     KAUAET KAUAET 09/03/1987 532 16013 Books
free website counter